=LDR 00000nam 2200000 4500 =001 INLIS000000000037460 =005 20130612143206 =008 ***********************************Ind** =035 ##$$0010-061300000037460 =041 ##$$a Ind =082 ##$$a 028.5 =090 ##$$a 028.5, Dam d =245 ##$$a Damarwulan =260 ##$$a [20...] $b Jakarta =300 ##$$a 21 hlm, Ilus, 15 cm =650 ##$$a Bacaan Kanak - Kanak =850 ##$$a NBPNMAT